| 000 | 01090nam a2200217Ia 4500 | ||
|---|---|---|---|
| 001 | IA_Also in this research was determined Total mesophilic bacterial count , total and fecal coliform , fungi and yeasts. It was found that the total aerobic mesophilic count is low (3.78 log10 CFU / g) and fecal coliform (> 1852.5) as well, although these values are still outside the norm (NOM -243- SSA1 - 2010). | ||
| 002 | CARACTERIZACION FiSICO-QUiMICA Y MICROBIOLOGICA GE | ||
| 008 | 220117s xx 000 0 und d | ||
| 010 | _a184980 | ||
| 530 | _aDisponible en PDF | ||
| 583 | _a1 ej. imp. ; 2 ej. CD | ||
| 650 |
_aCheeses _xMicrobiology _9147407 |
||
| 650 | 0 |
_aCheeses _xStandards of identity _zMéxico _zOaxaca _9158336 |
|
| 650 | 0 |
_aQuesos _xEstándares de identidad de un producto _zMéxico _zOaxaca _9158337 |
|
| 650 |
_aQuesos _xMicrobiología _9147410 |
||
| 700 |
_aGómez Cruz, Adalberto, asesor _9163696 |
||
| 700 |
_aSantos Moreno, Armando, asesor _9163714 |
||
| 700 |
_aVillegas de Gante, Abraham, dir. _9147411 |
||
| 942 | _cTESIS L678 2013 | ||
| 999 |
_c184980 _d184980 |
||